00354nam a2200133Ia 450000500170000000800410001702000150005808200130007310000190008624500320010526000390013730000130017650000310018920250701161725.0240331s9999 xx 000 0 und d a9559540602 bWIJa792 aWijayasekara,P 0aBakkara biriya hewath babee aColombobParallel Publishersc1991 a158 p ., aA story of the bakers wife